[Event "POLFINALY MISTRZOSTW POLSKI JUNIOROW 2021 D-13"]
[Site "Jatrzebia Gora"]
[Date "1899-12-30"]
[Round "8.1"]
[White "Opalka, Marta"]
[Black "Salamon, Julia"]
[Result "1/2-1/2"]
[WhiteTitle "I"]
[BlackTitle "I++"]
[WhiteElo "1142"]
[BlackElo "1568"]

1. Nf3 c5 2. c4 Nf6 3. Nc3 Nc6 4. e3 e6 5. b3 Be7 6. Bb2 O-O 7. Qc2 d5 8. cxd5
exd5 9. d4 cxd4 10. Nxd4 Nxd4 11. exd4 Be6 12. Bd3 Rc8 13. O-O Bb4 14. a3 Bxc3
15. Bxc3 Qd7 16. Qd2 Bf5 17. Bxf5 Qxf5 18. f3 Rc6 19. Rfe1 Re6 20. Rxe6 Qxe6 21.
Re1 Qd7 22. Bb4 Re8 23. Rxe8+ Qxe8 24. Qe1 Qxe1+ 25. Bxe1 Kf8 26. Kf2 Ke7 27.
Ke3 Nd7 28. Bh4+ f6 29. Be1 Nb8 30. Bb4+ Ke6 31. Bc3 Nc6 32. g3 b5 33. Kd3 Kd6
34. Bd2 a6 35. Bf4+ Kd7 36. Bd2 Ke6 37. Ke3 Kd6 38. Kd3 Kd7 39. Ke3 Ke6 40. Kd3
g6 41. g4 f5 42. g5 Kd7 43. h4 Nd8 44. b4 Nc6 45. f4 Na7 46. Kc3 Nc8 47. Kd3 Nd6
48. Bc1 Ne4 49. Be3 Ng3 50. Bf2 Nf1 51. Ke2 Nh2 52. Bg3 Ng4 53. Kf3 Ne3 54. Kxe3
Ke6 55. Kd3 Kd7 56. Kc3 Kc6 57. Kb3 Kd6 58. a4 Kd7 59. axb5 axb5 60. Kc3 Ke6 61.
Kd3 Kd6 62. Ke3 Ke6 63. Kf3 Ke7 64. Kg2 Ke6 65. Kh3 Kf7 66. h5 Kg7 67. hxg6 hxg6
1/2-1/2

[Event "POLFINALY MISTRZOSTW POLSKI JUNIOROW 2021 D-13"]
[Site "Jatrzebia Gora"]
[Date "1899-12-30"]
[Round "8.2"]
[White "Leks, Emilia"]
[Black "Walerjan, Ada"]
[Result "1/2-1/2"]
[WhiteTitle "I"]
[BlackTitle "II"]
[WhiteElo "1205"]
[BlackElo "1045"]

1. c4 e5 2. Nc3 Bb4 3. g3 Nf6 4. Bg2 O-O 5. a3 Bxc3 6. bxc3 c6 7. d3 h6 8. e3 d6
9. Ne2 Be6 10. O-O Re8 11. f4 e4 12. f5 exd3 13. fxe6 dxe2 14. exf7+ Kxf7 15.
Qxe2 Kg8 16. Qd3 Rf8 17. Qg6 Qe8 18. Rxf6 Qe5 19. Rxf8+ Kxf8 20. Bd2 Nd7 21. Rf1+
Nf6 22. Qh7 Re8 23. Qh8+ Kf7 24. Qh7 Re7 25. Qf5 Re6 26. Qb1 Re7 27. Qf5 Kg8 28.
Qc8+ Ne8 29. Rf4 Qc5 30. Qd8 Re5 31. Re4 Rxe4 32. Bxe4 Qh5 33. Bc2 Kf8 34. Kf2
Qxh2+ 35. Ke1 Qxg3+ 36. Ke2 Qg2+ 37. Ke1 Qg1+ 38. Ke2 Qg4+ 39. Ke1 Qxc4 40. Bg6
Qe6 41. Bxe8 Qxe8 42. Qxd6+ Kg8 43. Qc7 Qa8 1/2-1/2

[Event "POLFINALY MISTRZOSTW POLSKI JUNIOROW 2021 D-13"]
[Site "Jatrzebia Gora"]
[Date "1899-12-30"]
[Round "8.3"]
[White "Myslowska, Zofia"]
[Black "Popczynska, Maja"]
[Result "1-0"]
[WhiteTitle "II"]
[BlackTitle "I"]
[WhiteElo "1101"]
[BlackElo "1294"]

1. e4 c5 2. d3 Nc6 3. g3 g6 4. Bg2 Bg7 5. f4 d6 6. Nf3 e5 7. c3 Nge7 8. O-O O-O
9. Be3 Bg4 10. h3 Be6 11. g4 f6 12. f5 Bf7 13. h4 Qc8 14. Nh2 b6 15. Qd2 d5 16.
Bh6 d4 17. Bxg7 Kxg7 18. g5 Ng8 19. h5 Kh8 20. hxg6 hxg6 21. gxf6 Qd8 22. Ng4
Be8 23. Rf3 Rxf6 24. Nxf6 Qxf6 25. Na3 Bd7 26. Raf1 Nce7 27. Bh3 gxf5 28. Bxf5
Nxf5 29. exf5 Qg7+ 30. Kf2 Nh6 31. Rh3 Kh7 32. Rfh1 Bxf5 33. Rxh6+ Kg8 34. Rg1
Rf8 35. Rxg7+ Kxg7 36. Qg5+ Bg6+ 37. Ke2 Rf6 38. Rxg6+ Rxg6 39. Qxe5+ Kh6 40.
Qh8+ Kg5 41. Nc4 Re6+ 42. Kd2 b5 43. Ne5 Kf5 44. Qh5+ Kf6 45. Nd7+ Ke7 46. Nxc5
Rd6 47. Qe5+ Kf7 48. Qxd6 Kg7 49. Ne6+ Kh7 50. Qe7+ Kg6 51. Nxd4 b4 52. cxb4 a5
53. Qe6+ Kg7 54. Nf5+ Kf8 55. Qe7+ Kg8 56. Qg7# 1-0

[Event "POLFINALY MISTRZOSTW POLSKI JUNIOROW 2021 D-13"]
[Site "Jatrzebia Gora"]
[Date "1899-12-30"]
[Round "8.4"]
[White "Gladyszewska, Kinga"]
[Black "Miklosz, Malgorzata"]
[Result "0-1"]
[WhiteTitle "I"]
[BlackTitle "I"]
[WhiteElo "1269"]
[BlackElo "1232"]

1. d4 Nf6 2. Nf3 d5 3. Bg5 e6 4. e3 Be7 5. Bd3 Nbd7 6. Nbd2 c5 7. c3 h6 8. Bh4
Qc7 9. O-O e5 10. dxe5 Nxe5 11. Nxe5 Qxe5 12. Bb5+ Nd7 13. Nf3 Qe6 14. Bxe7 Kxe7
15. Re1 Re8 16. Qb3 Kf8 17. Rad1 c4 18. Qc2 a6 19. Bxd7 Bxd7 20. Qh7 f5 21. Qh8+
Kf7 22. Ng5+ hxg5 23. Qh5+ Qg6 24. Qxg6+ Kxg6 25. Rxd5 Be6 26. Rd6 Rad8 27. Red1
Rxd6 28. Rxd6 Kf7 29. Rd4 Re7 30. Kf1 Rd7 31. Ke2 Kf6 32. Ke1 Rd5 33. Rxc4 Rb5
34. Rb4 Rxb4 35. cxb4 Bxa2 36. Kd2 Ke5 37. Kd3 Kd5 38. Kc3 Ke4 39. Kd2 f4 40.
f3+ Kd5 41. e4+ Kc4 42. b5 Kxb5 43. Kc3 Be6 44. g3 a5 45. Kd4 Kb4 46. Ke5 Bc8
47. gxf4 gxf4 48. Kxf4 Kb3 49. Kg5 Kxb2 50. h4 a4 51. Kg6 a3 52. h5 a2 53. Kxg7
a1=Q 54. h6 Kc2+ 55. Kg6 Qh8 56. f4 Bd7 57. f5 Be8+ 58. Kg5 b5 59. f6 b4 60. e5
Bf7 0-1

[Event "POLFINALY MISTRZOSTW POLSKI JUNIOROW 2021 D-13"]
[Site "Jatrzebia Gora"]
[Date "1899-12-30"]
[Round "8.5"]
[White "Kicinska, Anna"]
[Black "Butkiewicz, Hanna"]
[Result "1-0"]
[WhiteTitle "I"]
[BlackTitle "I"]
[WhiteElo "1238"]
[BlackElo "1090"]

1. d4 d5 2. Nf3 Nc6 3. Bg5 h6 4. Bh4 Bf5 5. e3 Nf6 6. c3 e6 7. Bd3 Bxd3 8. Qxd3
Be7 9. O-O Ne4 10. Bxe7 Nxe7 11. Qb5+ Qd7 12. Qxb7 O-O 13. Ne5 Qd6 14. Qb3 Rfb8
15. Qc2 Nc6 16. Nd3 a5 17. b3 Na7 18. c4 dxc4 19. Qxc4 Rb6 20. Qc2 Rc6 21. Qe2
f6 22. f3 Ng5 23. Nd2 e5 24. Nc4 Qe7 25. dxe5 fxe5 26. Ndxe5 Rc5 27. Nd3 Rd5 28.
Nf4 Rf5 29. Qd3 Rc5 30. Rad1 Ne6 31. Nd5 Qf7 32. Qe4 Re8 33. Qb1 c6 34. Nd6 Qf8
35. Nxe8 cxd5 36. Qg6 Nd8 37. Qd6 Qxd6 38. Nxd6 Nf7 39. Nxf7 Kxf7 40. Rd2 Nb5
41. Kf2 g5 42. Kg3 h5 43. h4 gxh4+ 44. Kxh4 Nc7 45. Rh1 Ne6 46. Kg3 Ng7 47. Kf2
Ke6 48. Re1 Kf6 49. e4 dxe4 50. Rxe4 Ne6 51. Rd6 Re5 52. Rxe6+ Kxe6 53. Rxe5+
Kxe5 54. Ke3 1-0

[Event "POLFINALY MISTRZOSTW POLSKI JUNIOROW 2021 D-13"]
[Site "Jatrzebia Gora"]
[Date "1899-12-30"]
[Round "8.6"]
[White "Dura, Anna"]
[Black "Racis, Dominika"]
[Result "1-0"]
[WhiteTitle "II"]
[BlackTitle "I"]
[WhiteElo "1074"]
[BlackElo "1029"]

1. c4 d5 2. cxd5 Qxd5 3. Nc3 Qd7 4. g3 Nf6 5. Bg2 e6 6. Nf3 Nc6 7. O-O Bd6 8. d3
h6 9. e4 O-O 10. Qe2 e5 11. a3 Re8 12. Rb1 b6 13. b3 Bb7 14. Nh4 Nd4 15. Qd1 c5
16. Ne2 Qc6 17. Nxd4 exd4 18. e5 Nd5 19. exd6 Qxd6 20. Nf5 Qd7 21. Qg4 Qxf5 22.
Qxf5 g6 23. Qd7 Nc3 24. Qxb7 Nxb1 25. Qxa8 Rxa8 26. Bxa8 Kg7 27. Bxh6+ Kxh6 28.
Rxb1 1-0

[Event "POLFINALY MISTRZOSTW POLSKI JUNIOROW 2021 D-13"]
[Site "Jatrzebia Gora"]
[Date "1899-12-30"]
[Round "8.8"]
[White "Stankiewicz, Zofia"]
[Black "Wesolowska, Liliana"]
[Result "1-0"]
[WhiteTitle "II"]
[BlackTitle "II"]
[WhiteElo "1178"]
[BlackElo "1067"]

1. e4 d6 2. d4 Nf6 3. Nc3 e5 4. d5 Be7 5. Be3 Bg4 6. Be2 Bxe2 7. Ngxe2 c6 8. Ng3
h6 9. Nf5 O-O 10. g4 Kh7 11. g5 hxg5 12. Bxg5 g6 13. Nxe7 Qxe7 14. Qf3 Nbd7 15.
h4 Rh8 16. h5 Kg8 17. O-O-O gxh5 18. Rxh5 Re8 19. Rxh8+ Kxh8 20. Qh3+ Kg8 21.
Rh1 Kf8 22. Qh8+ Ng8 23. Bh6# 1-0

[Event "POLFINALY MISTRZOSTW POLSKI JUNIOROW 2021 D-13"]
[Site "Jatrzebia Gora"]
[Date "1899-12-30"]
[Round "8.11"]
[White "Branka, Julia"]
[Black "Olaczek, Wiktoria"]
[Result "1-0"]
[WhiteTitle "II"]
[BlackTitle "II"]
[WhiteElo "1200"]
[BlackElo "1088"]

1. d4 d5 2. c4 e6 3. Nc3 Nf6 4. cxd5 Nxd5 5. e4 Nxc3 6. bxc3 Be7 7. Nf3 O-O 8.
Bd3 b6 9. O-O Bb7 10. Bf4 c5 11. Qc2 h6 12. Rac1 Nc6 13. Be3 cxd4 14. cxd4 Rc8
15. Qe2 Nb4 16. Bf4 Nxd3 17. Qxd3 Rxc1 18. Rxc1 f6 19. Qb3 Kf7 20. Qe3 g5 21.
Bg3 Rh8 22. Rc7 Bc8 23. Rxa7 g4 24. Ne1 Kf8 25. Bc7 Qd7 26. Bxb6 Qb5 27. Bc5 Bxc5
28. dxc5 Qc6 29. a4 h5 30. Qd4 e5 31. Qd6+ Qxd6 32. cxd6 Ke8 33. d7+ Bxd7 34.
Ra8+ Ke7 35. Rxh8 Bxa4 36. Rxh5 Kf7 37. f3 gxf3 38. Nxf3 Bd1 39. Kf2 Kg6 40. Rh3
Ba4 41. Rg3+ Kh6 42. h4 Kh7 43. Rh3 Bd7 44. Rh2 Kh6 45. h5 Bg4 46. Rh4 Be6 47.
g4 Bxg4 48. Rxg4 Kxh5 49. Kg3 Kh6 50. Nh4 Kh7 51. Rg6 Kh8 52. Rxf6 Kg7 53. Rf5
Kg8 54. Rxe5 Kf7 55. Kg4 Kf6 56. Ra5 Ke6 57. Kf4 Kd6 58. e5+ Ke6 59. Ke4 Kd7 60.
Ra6 Kd8 61. Ra7 Kc8 62. Kd5 Kd8 63. Kc6 Ke8 64. Kd6 Kf8 65. Ke6 Kg8 66. Kf6 Kh8
67. Kg6 Kg8 68. Ra8# 1-0

[Event "POLFINALY MISTRZOSTW POLSKI JUNIOROW 2021 D-13"]
[Site "Jatrzebia Gora"]
[Date "1899-12-30"]
[Round "9.1"]
[White "Salamon, Julia"]
[Black "Myslowska, Zofia"]
[Result "1/2-1/2"]
[WhiteTitle "I++"]
[BlackTitle "II"]
[WhiteElo "1568"]
[BlackElo "1101"]

1. d4 d6 2. c4 g6 3. Nc3 Bg7 4. e4 Nf6 5. Nf3 Bg4 6. Be2 Nbd7 7. O-O e5 8. dxe5
dxe5 9. Be3 O-O 10. Qc2 Qe7 11. Nd5 Nxd5 12. cxd5 Rac8 13. Qb3 b6 14. Rac1 Nf6
15. h3 Bd7 16. Nd2 c6 17. dxc6 Bxc6 18. Bd3 Rfd8 19. Rc3 Nh5 20. Rfc1 Bb7 21.
Qa4 Nf4 22. Ba6 Rxc3 23. Rxc3 Bxa6 24. Qxa6 Qg5 25. Bxf4 Qxf4 26. Rd3 Qf6 27.
Nb3 Rxd3 28. Qxd3 Qe7 29. Qa6 Bh6 30. a3 Qd7 31. Qe2 Qa4 32. Qd3 Qc6 33. Qe2 a5
34. Qd3 a4 35. Nd2 Qc1+ 36. Nf1 Qxb2 37. Ne3 Qc1+ 38. Kh2 Bf4+ 39. g3 Bxe3 40.
fxe3 Qb2+ 41. Kh1 b5 42. g4 b4 43. g5 Qc1+ 44. Kh2 Qc5 45. axb4 Qxb4 46. Qd8+
Qf8 47. Qa5 a3 48. Qxe5 a2 49. Qa5 Qb8+ 50. e5 h6 51. Qxa2 Qxe5+ 52. Kh1 Qxe3
53. Qa8+ Kh7 54. Qf8 Qxh3+ 55. Kg1 Qg3+ 56. Kh1 Qf3+ 57. Kh2 hxg5 58. Qe7 Qf4+
59. Kg2 g4 60. Qh4+ Kg7 61. Qe1 Qf3+ 62. Kg1 g3 63. Qe5+ Kh6 64. Qh8+ Kg5 65.
Qh4+ Kf5 66. Qf6+ Ke4 67. Qd4+ 1/2-1/2

[Event "POLFINALY MISTRZOSTW POLSKI JUNIOROW 2021 D-13"]
[Site "Jatrzebia Gora"]
[Date "1899-12-30"]
[Round "9.2"]
[White "Opalka, Marta"]
[Black "Leks, Emilia"]
[Result "1-0"]
[WhiteTitle "I"]
[BlackTitle "I"]
[WhiteElo "1142"]
[BlackElo "1205"]

1. Nf3 Nf6 2. c4 e6 3. d4 b6 4. e3 Bb7 5. Be2 Bb4+ 6. Bd2 Bxd2+ 7. Nbxd2 O-O 8.
O-O d6 9. Rc1 Nbd7 10. Qb3 Re8 11. Rfd1 h6 12. c5 dxc5 13. dxc5 Nxc5 14. Rxc5
bxc5 15. Qxb7 Qe7 16. Nc4 Nd5 17. Nfe5 Reb8 18. Qc6 Rd8 19. Bf3 Nb4 20. Qxa8 Rxa8
21. Bxa8 Qe8 22. Bf3 Nxa2 23. Nc6 1-0

[Event "POLFINALY MISTRZOSTW POLSKI JUNIOROW 2021 D-13"]
[Site "Jatrzebia Gora"]
[Date "1899-12-30"]
[Round "9.3"]
[White "Miklosz, Malgorzata"]
[Black "Dura, Anna"]
[Result "0-1"]
[WhiteTitle "I"]
[BlackTitle "II"]
[WhiteElo "1232"]
[BlackElo "1074"]

1. e4 e6 2. d4 d5 3. e5 c5 4. c3 Nc6 5. Nf3 Qb6 6. Na3 Bd7 7. Be2 Nge7 8. h4 Nc8
9. Rh3 N8e7 10. Bd3 cxd4 11. cxd4 Nxd4 12. Kf1 Nxf3 13. Rxf3 Nc6 14. Re3 Bc5 15.
Rg3 Bxf2 16. Rxg7 Nxe5 17. Bxh7 Bxh4 18. Qe2 Bf6 19. Rg8+ Rxg8 20. Bxg8 Qa6 21.
Bd2 Qxe2+ 22. Kxe2 Nc6 23. Rf1 Nd4+ 24. Kd3 Nf5 25. g4 Bxb2 26. gxf5 Bxa3 27.
Rb1 b6 28. f6 Rc8 29. Rb3 Bc1 30. Bb4 Bb5+ 31. Kd4 Rc4+ 32. Kd3 Rxb4+ 33. Kc2
Rxb3 34. axb3 Bg5 0-1

[Event "POLFINALY MISTRZOSTW POLSKI JUNIOROW 2021 D-13"]
[Site "Jatrzebia Gora"]
[Date "1899-12-30"]
[Round "9.4"]
[White "Walerjan, Ada"]
[Black "Gladyszewska, Kinga"]
[Result "0-1"]
[WhiteTitle "II"]
[BlackTitle "I"]
[WhiteElo "1045"]
[BlackElo "1269"]

1. e4 e5 2. Nf3 Nc6 3. d4 exd4 4. Nxd4 Bc5 5. Nb3 Bb6 6. Nc3 Nf6 7. Qe2 d6 8. Be3
Be6 9. O-O-O Bxb3 10. cxb3 Qe7 11. f3 O-O-O 12. Kb1 Bxe3 13. Qxe3 d5 14. Qf2 dxe4
15. Rxd8+ Rxd8 16. fxe4 Kb8 17. Qf3 Re8 18. Qg3 Nxe4 19. Nxe4 Qxe4+ 20. Bd3 Qd4
21. Rf1 Re3 22. Re1 Qxd3+ 23. Kc1 Rxg3 24. hxg3 b6 0-1

[Event "POLFINALY MISTRZOSTW POLSKI JUNIOROW 2021 D-13"]
[Site "Jatrzebia Gora"]
[Date "1899-12-30"]
[Round "9.5"]
[White "Popczynska, Maja"]
[Black "Kicinska, Anna"]
[Result "1/2-1/2"]
[WhiteTitle "I"]
[BlackTitle "I"]
[WhiteElo "1294"]
[BlackElo "1238"]

1. e4 d5 2. exd5 Qxd5 3. Nc3 Qa5 4. d4 Nf6 5. Nf3 Bf5 6. Ne5 Nbd7 7. Nc4 Qa6 8.
Bf4 Qe6+ 9. Be2 Nd5 10. Nxd5 Qxd5 11. Ne3 Qe6 12. Bxc7 Nf6 13. Bb5+ Nd7 14. O-O
a6 15. Bxd7+ Qxd7 16. Bg3 Rd8 17. c3 Be4 18. f3 Bc6 19. Qc2 e6 20. Rfe1 Be7 21.
Nc4 b5 22. Ne5 Qb7 23. Nxc6 Qxc6 24. Qe4 Qxe4 25. fxe4 O-O 26. e5 b4 27. Bf4 Rb8
28. c4 Rbc8 29. b3 Rfd8 30. Red1 f6 31. exf6 Bxf6 32. Be5 Rd7 33. Kf2 Rcd8 34.
Ke2 Kf7 35. Bxf6 gxf6 36. Ke3 Rg8 37. g3 Rgd8 38. Ke4 Ke7 39. Rd2 Rg8 40. Rad1
f5+ 1/2-1/2

[Event "POLFINALY MISTRZOSTW POLSKI JUNIOROW 2021 D-13"]
[Site "Jatrzebia Gora"]
[Date "1899-12-30"]
[Round "9.6"]
[White "Predkiewicz, Paulina"]
[Black "Stankiewicz, Zofia"]
[Result "1-0"]
[WhiteTitle "I"]
[BlackTitle "II"]
[WhiteElo "1331"]
[BlackElo "1178"]

1. e4 e5 2. Nf3 Nc6 3. d4 exd4 4. Nxd4 Bc5 5. Nb3 Bb6 6. Nc3 Nf6 7. Qe2 d6 8. Be3
Bxe3 9. Qxe3 Nb4 10. O-O-O Qe7 11. f3 Be6 12. g4 h6 13. Kb1 a5 14. a4 Bd7 15.
Bc4 Bc6 16. Rhe1 O-O 17. h4 Nd7 18. g5 h5 19. f4 Nb6 20. Bb5 Bxb5 21. Nxb5 Nxa4
22. Qe2 Rfd8 23. Qxh5 Qd7 24. N5d4 c5 25. Nf5 g6 26. Nh6+ Kg7 27. Qf3 Nb6 28.
f5 c4 29. Nc5 Qc7 30. fxg6 dxc5 31. Qf6+ Kf8 32. g7+ Ke8 33. g8=Q# 1-0

[Event "POLFINALY MISTRZOSTW POLSKI JUNIOROW 2021 D-13"]
[Site "Jatrzebia Gora"]
[Date "1899-12-30"]
[Round "9.7"]
[White "Mansz, Martyna"]
[Black "Feliks, Agnieszka"]
[Result "1-0"]
[WhiteTitle "I"]
[BlackTitle "I"]
[WhiteElo "1067"]
[BlackElo "1145"]

1. c4 e5 2. g3 Nc6 3. Bg2 f5 4. e3 Nf6 5. d4 d6 6. Nc3 g6 7. d5 Ne7 8. f3 Bg7 9.
e4 Bd7 10. Be3 h6 11. h4 c6 12. Qd2 cxd5 13. cxd5 fxe4 14. fxe4 Ng4 15. O-O-O
Nxe3 16. Qxe3 h5 17. Kb1 Bg4 18. Rf1 a6 19. Nf3 Bxf3 20. Rxf3 Bh6 21. Qe2 Qb6
22. Bh3 Rf8 23. Rxf8+ Kxf8 24. Qf3+ Ke8 25. Rf1 Qe3 26. Qf7+ Kd8 27. Qe6 Kc7 28.
Qxe7+ Kb6 29. Qxd6+ Ka7 30. Qxe5 Rf8 31. Rd1 Rf2 32. Qd4+ Qxd4 33. Rxd4 Rf3 34.
e5 Bg7 35. d6 Bxe5 36. d7 Bc7 37. Ne2 Re3 38. Rd2 Bd8 39. Kc2 Kb6 40. Kd1 Kc6
41. Bg2+ Kb6 42. Rc2 Rd3+ 43. Rd2 Rxd2+ 44. Kxd2 Kc7 45. Bh3 g5 46. hxg5 Bxg5+
47. Nf4 h4 48. Ke2 Bd8 49. Ne6+ Kxd7 50. Nxd8+ Kxd8 51. gxh4 b6 52. h5 Ke7 53.
h6 Kf6 54. h7 Kg7 55. Bf5 b5 56. Kd3 a5 57. Kd4 b4 58. b3 a4 59. bxa4 Kh8 60.
a5 1-0

[Event "POLFINALY MISTRZOSTW POLSKI JUNIOROW 2021 D-13"]
[Site "Jatrzebia Gora"]
[Date "1899-12-30"]
[Round "9.8"]
[White "Butkiewicz, Hanna"]
[Black "Najdecka, Laura"]
[Result "0-1"]
[WhiteTitle "I"]
[BlackTitle "I"]
[WhiteElo "1090"]
[BlackElo "1130"]

1. e4 c5 2. Nc3 e6 3. Nf3 a6 4. a3 b5 5. d3 Bb7 6. Be2 d6 7. O-O Nf6 8. Bg5 Be7
9. Qd2 O-O 10. Rfe1 h6 11. Bh4 Nc6 12. h3 Nd7 13. Bxe7 Qxe7 14. Na2 Nd4 15. Nxd4
cxd4 16. Rad1 Nf6 17. Bf3 e5 18. Rc1 d5 19. exd5 Bxd5 20. Bxd5 Nxd5 21. c3 Qd6
22. cxd4 exd4 23. Re4 Nf6 24. Re2 Rfe8 25. Rxe8+ Rxe8 26. Nb4 a5 27. Nc6 a4 28.
Nb4 Nd5 29. Nxd5 Qxd5 30. Re1 Rxe1+ 31. Qxe1 g6 32. Qe4 Qxe4 33. dxe4 Kg7 34.
Kf1 Kf6 35. Ke2 Ke5 36. Kd3 f6 37. g3 g5 38. f3 h5 39. Ke2 h4 40. gxh4 gxh4 41.
Kd3 f5 42. f4+ Kxf4 43. exf5 Kxf5 44. Kxd4 Kf4 45. Kd3 Kg3 46. Ke3 Kxh3 47. Kf3
Kh2 48. Kf2 h3 49. Kf1 Kg3 50. Kg1 Kf3 51. Kh2 Ke2 52. Kxh3 Kd2 0-1

[Event "POLFINALY MISTRZOSTW POLSKI JUNIOROW 2021 D-13"]
[Site "Jatrzebia Gora"]
[Date "1899-12-30"]
[Round "9.9"]
[White "Racis, Dominika"]
[Black "Branka, Julia"]
[Result "1-0"]
[WhiteTitle "I"]
[BlackTitle "II"]
[WhiteElo "1029"]
[BlackElo "1200"]

1. d4 d5 2. c4 e6 3. Nf3 Nf6 4. Bg5 Be7 5. Nbd2 O-O 6. e3 Nbd7 7. Bd3 b6 8. O-O
Bb7 9. cxd5 exd5 10. Rc1 c5 11. dxc5 Nxc5 12. Nb3 Nxd3 13. Qxd3 a5 14. Rc2 Ba6
15. Qd1 Bxf1 16. Kxf1 h6 17. Bf4 Bd6 18. Bxd6 Qxd6 19. Qc1 Qd8 20. Nbd4 Kh8 21.
Nc6 Qd6 22. Ncd4 Qd7 23. Ne5 Qb7 24. Qd1 Rfe8 25. f4 Ne4 26. Nf5 Rec8 27. Qg4
f6 28. Ng6+ Kh7 29. Nge7 g5 30. Qh5 Qxe7 31. Qxh6+ Kg8 32. Nxe7+ Kf7 33. Rxc8
Rxc8 34. Nxc8 gxf4 35. Qh7+ Ke6 36. Qe7+ Kf5 37. Nd6+ Nxd6 38. Qxd6 fxe3 39. Qxd5+
Kg6 40. h4 a4 41. h5+ Kh6 42. Qf5 Kg7 43. h6+ Kh8 44. Qxf6+ Kg8 45. Qg7# 1-0